Music Quiz

Random Music or Song Quiz

Who Sang It? Quiz Stats

 Plays Quiz Updated May 4, 2018

Score 0/40 Timer 04:00
10 Plays Today
Question Answer Wrong Answers
Like a Virgin Madonna
91.4%
Rihanna
1.3%
Beyoncé
1.2%
Adele
0.4%
Rolling in the Deep Adele
90.8%
Rihanna
1.4%
Beyoncé
1.4%
Madonna
0.9%
Umbrella Rihanna
88.2%
Beyoncé
3.6%
Madonna
0.7%
Adele
1.7%
Like a Prayer Madonna
87.6%
Rihanna
1.8%
Beyoncé
2.5%
Adele
2.3%
Hello Adele
86.8%
Rihanna
2%
Beyoncé
4.3%
Madonna
1.2%
Vogue Madonna
86.1%
Rihanna
2.9%
Beyoncé
4%
Adele
1.1%
Papa Don't Preach Madonna
84.2%
Rihanna
3.3%
Beyoncé
4.8%
Adele
1.5%
Someone Like You Adele
84%
Rihanna
3.6%
Beyoncé
4%
Madonna
2.5%
Set Fire to the Rain Adele
83.7%
Rihanna
5.5%
Beyoncé
3.1%
Madonna
1.7%
Disturbia Rihanna
81.2%
Beyoncé
6.1%
Madonna
4.6%
Adele
1.7%
Run the World (Girls) Beyoncé
80%
Rihanna
9.5%
Madonna
3%
Adele
1.1%
Crazy in Love Beyoncé
80%
Rihanna
6%
Madonna
5.2%
Adele
2.7%
Halo Beyoncé
76.8%
Rihanna
10.2%
Madonna
1.9%
Adele
5.1%
Rude Boy Rihanna
75.8%
Beyoncé
12.7%
Madonna
3%
Adele
1.7%
If I Were a Boy Beyoncé
74.6%
Rihanna
12.6%
Madonna
4.1%
Adele
2.6%
Shut Up and Drive Rihanna
74.6%
Beyoncé
9.9%
Madonna
5.4%
Adele
3%
Rumour Has It Adele
73.2%
Rihanna
7.8%
Beyoncé
6.6%
Madonna
6.1%
Pon de Replay Rihanna
73%
Beyoncé
8.4%
Madonna
8.2%
Adele
3.5%
Express Yourself Madonna
72%
Rihanna
7.4%
Beyoncé
9.6%
Adele
3.6%
Chasing Pavements Adele
69.8%
Rihanna
9.2%
Beyoncé
7.7%
Madonna
6.1%
Don't Stop the Music Rihanna
66%
Beyoncé
7.1%
Madonna
18.1%
Adele
2.2%
Ray of Light Madonna
63.2%
Rihanna
8.6%
Beyoncé
10.6%
Adele
9.6%
Baby Boy Beyoncé
60.1%
Rihanna
20.6%
Madonna
7.7%
Adele
3.6%
Russian Roulette Rihanna
59.7%
Beyoncé
11.7%
Madonna
14.3%
Adele
6.1%
We Ride Rihanna
59%
Beyoncé
21%
Madonna
7.1%
Adele
4.1%
Justify My Love Madonna
58.1%
Rihanna
8.9%
Beyoncé
14.5%
Adele
10.4%
Diva Beyoncé
56.8%
Rihanna
11.7%
Madonna
19.9%
Adele
3.6%
This Used To Be My Playground Madonna
55%
Rihanna
13%
Beyoncé
12.3%
Adele
11.3%
Hate That I Love You Rihanna
53.5%
Beyoncé
18.7%
Madonna
6.4%
Adele
13%
’03 Bonnie & Clyde Beyoncé
53%
Rihanna
16.2%
Madonna
20.1%
Adele
3.2%
Unfaithful Rihanna
52.9%
Beyoncé
24.5%
Madonna
7.8%
Adele
7%
Live to Tell Madonna
51.4%
Rihanna
13.1%
Beyoncé
12.4%
Adele
14.2%
Best Thing I Never Had Beyoncé
48.4%
Rihanna
17.5%
Madonna
8%
Adele
17.9%
Beautiful Liar Beyoncé
47.1%
Rihanna
24.9%
Madonna
11.6%
Adele
8.4%
Melt My Heart to Stone Adele
40.9%
Rihanna
12.2%
Beyoncé
13%
Madonna
24.6%
Hung Up Madonna
40.8%
Rihanna
21.5%
Beyoncé
20.9%
Adele
8.2%
Naughty Girl Beyoncé
39.5%
Rihanna
39.3%
Madonna
12%
Adele
1.3%
One and Only Adele
34.1%
Rihanna
17.1%
Beyoncé
23.3%
Madonna
16.3%
Daydreamer Adele
29.6%
Rihanna
16%
Beyoncé
22%
Madonna
23.1%
Love in the Dark Adele
28.5%
Rihanna
25.4%
Beyoncé
21%
Madonna
16.2%

You're not logged in!

Compare scores with friends on all Sporcle quizzes.
OR
Log In

Sporcle TV

Today on Sporcle TV


Watch our educational content, quiz creation guides, and fun videos on Sporcle TV.

Show Comments

Extras

Top Quizzes Today


Score Distribution

Your Account Isn't Verified!

In order to create a playlist on Sporcle, you need to verify the email address you used during registration. Go to your Sporcle Settings to finish the process.

Report this User

Report this user for behavior that violates our Community Guidelines.

Details: